000 00894cab a2200265 4500
001 WB3015-56
008 090401t1994 xxu||||| |||| 00| 0 eng d
035 _a(Sirsi) u30522
041 _aeng
245 _aMMC fears on house valuations
260 _c1994
350 _a0
490 _aFinancial Times
_v22 April 1994, 8
490 _aIndependent
_v22 April 1994, 2
490 _aEconomist
_v331(7860) 23 April 1994, 30(2)
520 _aThe Monopolies and Mergers Commission is set to publish a report detailing a number of concerns about mortgage lender`s control of the valuation profession.
650 _aBUILDING SOCIETIES
650 _aMONOPOLIES AND MERGERS COMMISSION
650 _aMORTGAGE LENDERS
650 _aMORTGAGE VALUATIONS
650 _aVALUATION PANELS
690 _aMANAGEMENT-BUSINESS MANAGEMENT-PROFESSIONAL PRACTICE
942 _n0
948 _c04/03/1997
999 _c20580
_d20580